Prueba sin convicción. Estándares de prueba y debido proceso

Na minha lista:
Detalhes bibliográficos
Autor principal: Ferrer Beltrán, Jordi
Formato: Desconhecido
Idioma:inglês
Publicado em: Madrid, España. Marcial Pons, 2021
coleção:Colección Filosofía y Derecho
Assuntos:
Tags: Adicionar Tag
Sem tags, seja o primeiro a adicionar uma tag!

MARC

LEADER 00000 a2200000 4500
003 CL-VaPUC
005 20211130122339.0
008 211102b2021 ||||| |||| 00| 0 eng d
999 |c 433830  |d 433828 
020 |a 9788413811079 
040 |c Pontificia Universidad Católica de Valparaíso 
082 |a 345.06 FER 2021 
100 1 |a Ferrer Beltrán, Jordi  |9 863864 
245 1 |a Prueba sin convicción.   |b Estándares de prueba y debido proceso 
260 |a Madrid, España.  |b Marcial Pons,   |c 2021 
300 |a 271 páginas 
490 |a Colección Filosofía y Derecho 
583 |k Cristina María Rojas Aguilar  |c 20211102 
650 |a Procedimiento penal   |x Pruebas   |9 864743 
942 |2 ddc  |c BK 
952 |0 0  |1 0  |2 ddc  |4 0  |6 345_060000000000000_FER_2021  |7 0  |8 A  |9 579127  |a BIBDER  |b BIBDER  |d 2021-11-02  |e 22  |g 30000.00  |i 5624940  |o 345.06 FER 2021  |p 5624940  |r 2021-11-02  |t 1  |v 30000.00  |w 2021-11-02  |y BK  |k DER